Statystyki dla Języki romańskie

Kliknij tutaj aby rozwiązać quiz!

Ogólne statystyki

  • Ten quiz został rozwiązany 12 885 razy
  • Średni wynik to 4 z 6

Statystyki odpowiedzi

Liczba native speakerówJęzyk% Poprawnych
59 milWłoski
91%
405 milHiszpański
90%
75 milFrancuski
87%
215 milPortugalski
85%
24 milRumuński
74%
4.1 milKataloński
24%

Rozkład punktacji

Percentyl według liczby udzielonych odpowiedzi

Procent ludzi z każdym wynikiem

Twoja historia wyników

Nie rozwiązałeś tego quizu